[Event "Olomouc 2009 - IM A"]
[Site "?"]
[Date "2009.08.11"]
[Round "7.3"]
[White "Tuma, Jiri"]
[Black "Vrana, Jan"]
[Result "1/2-1/2"]
[WhiteElo "2288"]
[BlackElo "2236"]
[PlyCount "109"]
[EventDate "2009.08.05"]

1. d4 d5 2. Nf3 Nf6 3. e3 e6 4. Bd3 c5 5. b3 Nc6 6. O-O Bd6 7. Bb2 O-O 8. Nbd2
Qe7 9. Ne5 cxd4 10. exd4 Ba3 11. Bxa3 Qxa3 12. c3 Qb2 13. Rc1 Qxa2 14. Bb1 Qa5
15. h4 Nxe5 16. dxe5 Ne4 17. Nxe4 dxe4 18. Qd4 f5 19. exf6 gxf6 20. Qxe4 Rf7
21. Rcd1 Qc7 22. Qd3 e5 23. Qd5 Qe7 24. Qd8+ Qf8 25. Qxf8+ Rxf8 26. Rd6 b6 27.
Be4 Rb8 28. Bd5+ Kh8 29. Ra1 a5 30. b4 axb4 31. cxb4 Bb7 32. Bxb7 Rxb7 33. Ra6
Kg7 34. Rdxb6 Rxb6 35. Rxb6 Rc8 36. g3 Rc2 37. h5 Rb2 38. Rb7+ Kh6 39. Rf7 Rxb4
40. Rxf6+ Kg5 41. Re6 Rb5 42. h6 Kf5 43. Ra6 Rb7 44. Kg2 Rc7 45. Rb6 Ra7 46.
Rb4 Ra6 47. Rh4 Kg5 48. Kf3 Ra3+ 49. Ke4 Ra2 50. Rh2 Re2+ 51. Kd5 Kg6 52. Rh4
Rxf2 53. Kxe5 Rf5+ 54. Ke6 Rf3 55. Rg4+ 1/2-1/2

[Event "Olomouc 2009 - IM A"]
[Site "?"]
[Date "2009.08.11"]
[Round "7.4"]
[White "Oparin, Grigoriy"]
[Black "Chetverik, Maxim"]
[Result "1/2-1/2"]
[WhiteElo "2350"]
[BlackElo "2354"]
[PlyCount "68"]
[EventDate "2009.08.05"]

1. e4 c5 2. Nf3 Nf6 3. Nc3 d5 4. exd5 Nxd5 5. Bb5+ Bd7 6. Bxd7+ Qxd7 7. Nxd5
Qxd5 8. d4 cxd4 9. Qxd4 Qxd4 10. Nxd4 a6 11. Bf4 e6 12. O-O-O Nd7 13. Rhe1 Nf6
14. Nf5 Rg8 15. f3 Rd8 16. Nd6+ Bxd6 17. Bxd6 Kd7 18. Be5+ Ke7 19. a4 Nd5 20.
c3 f6 21. Bd4 Rc8 22. Kc2 Rgd8 23. Kb3 Rc6 24. g3 Rdc8 25. f4 Kf7 26. Rd3 g6
27. Bf2 h5 28. Re4 b5 29. axb5 axb5 30. h3 Ra8 31. Rd1 Rca6 32. Rde1 Rc6 33.
Rd1 Rca6 34. Rde1 Rc6 1/2-1/2

 Kh2 Qxe2 37. Qxf6 Rg7 38. Rd8 Qb5 39. Qf8 Kh6
40. Qh8+ Rh7 41. Qf6 a6 42. Qf4+ 1-0

[Event "Olomouc 2009 - IM A"]
[Site "?"]
[Date "2009.08.11"]
[Round "7.5"]
[White "Lahiri, Atanu"]
[Black "Johansson, Jan"]
[Result "1/2-1/2"]
[WhiteElo "2361"]
[BlackElo "2437"]
[PlyCount "43"]
[EventDate "2009.08.05"]

1. d4 Nf6 2. c4 e6 3. Nc3 Bb4 4. e3 c5 5. Nf3 Bxc3+ 6. bxc3 d6 7. Bd3 Nc6 8.
O-O e5 9. Nd2 O-O 10. Rb1 Qe7 11. d5 e4 12. Nxe4 Nxe4 13. dxc6 bxc6 14. Qc2 f5
15. f3 Ng5 16. Bd2 Be6 17. Rb2 Nf7 18. f4 g6 19. Rfb1 Rfc8 20. e4 Nh6 21. Re1
Qd7 22. exf5 1/2-1/2

[Event "Olomouc 2009 - IM A"]
[Site "?"]
[Date "2009.08.12"]
[Round "8.2"]
[White "Chetverik, Maxim"]
[Black "Lahiri, Atanu"]
[Result "1/2-1/2"]
[WhiteElo "2354"]
[BlackElo "2361"]
[PlyCount "50"]
[EventDate "2009.08.05"]

1. d4 Nf6 2. c4 g6 3. Nf3 Bg7 4. g3 O-O 5. Bg2 d6 6. O-O Nbd7 7. Qc2 e5 8. dxe5
dxe5 9. Rd1 Qe7 10. e4 Nc5 11. Nc3 c6 12. b3 Bg4 13. Ba3 Rfd8 14. h3 Bxf3 15.
Bxf3 Bf8 16. Na4 b6 17. Nxc5 bxc5 18. Kg2 Ne8 19. h4 h5 20. Bb2 Nc7 21. Bc3 Bg7
22. Qb2 f6 23. Qa3 Ne6 24. Qa4 Qb7 25. b4 cxb4 1/2-1/2

[Event "Olomouc 2009 - IM A"]
[Site "?"]
[Date "2009.08.12"]
[Round "8.3"]
[White "Vrana, Jan"]
[Black "Oparin, Grigoriy"]
[Result "1-0"]
[WhiteElo "2236"]
[BlackElo "2350"]
[PlyCount "81"]
[EventDate "2009.08.05"]

1. e4 c5 2. Nf3 d6 3. d4 cxd4 4. Qxd4 Nc6 5. Bb5 Bd7 6. Bxc6 Bxc6 7. Nc3 Nf6 8.
Bg5 e6 9. O-O-O Be7 10. Rhe1 O-O 11. Qd2 Qa5 12. Kb1 Qa6 13. Nd4 Rfc8 14. f3 b5
15. g4 b4 16. Nce2 Rab8 17. Ng3 Qb7 18. Rg1 a5 19. Nh5 Ne8 20. Bxe7 Qxe7 21. g5
g6 22. Ng3 Ba8 23. f4 e5 24. Nde2 Rc4 25. b3 Rc5 26. f5 Rbc8 27. f6 Qe6 28. Rc1
d5 29. exd5 Rxd5 30. Qe3 a4 31. c4 bxc3 32. Nxc3 Ra5 33. Nxa4 Rb8 34. Nc5 Qb6
35. Qxe5 h6 36. gxh6 Nxf6 37. Rgf1 Ne8 38. h7+ Kxh7 39. Rxf7+ Kg8 40. Qe7 Nd6
41. Rg7+ 1-0

[Event "Olomouc 2009 - IM A"]
[Site "?"]
[Date "2009.08.12"]
[Round "8.4"]
[White "Chlost, Marlena"]
[Black "Tuma, Jiri"]
[Result "1-0"]
[WhiteElo "2148"]
[BlackElo "2288"]
[PlyCount "83"]
[EventDate "2009.08.05"]

1. e4 e5 2. Nf3 Nc6 3. Bb5 a6 4. Ba4 Nf6 5. O-O Be7 6. Re1 b5 7. Bb3 d6 8. c3
O-O 9. h3 Nb8 10. d4 Nbd7 11. Nbd2 Bb7 12. a4 c5 13. Bc2 Re8 14. d5 c4 15. b4
cxb3 16. Nxb3 Qc7 17. Bd2 Nc5 18. Nxc5 Qxc5 19. Bd3 bxa4 20. Rxa4 Reb8 21. Qa1
Qc8 22. Qa3 Nd7 23. g4 h5 24. Rc4 Nc5 25. Rxc5 dxc5 26. Nxe5 hxg4 27. Nxg4 Qd8
28. c4 Bc8 29. Bf4 Rb4 30. Ne5 Bxh3 31. Bc2 Qc8 32. Re3 Bd7 33. Rg3 f6 34.
Rxg7+ Kxg7 35. Qg3+ Bg4 36. Nxg4 Qg8 37. e5 Rxc4 38. Kf1 Rxc2 39. Nxf6+ Kf7 40.
Nxg8 Rxg8 41. e6+ Kf8 42. Bh6+ 1-0

[Event "Olomouc 2009 - IM A"]
[Site "?"]
[Date "2009.08.12"]
[Round "8.5"]
[White "Masse, Hugues"]
[Black "Bracker, Frank"]
[Result "1/2-1/2"]
[WhiteElo "2220"]
[BlackElo "2280"]
[PlyCount "65"]
[EventDate "2009.08.05"]

1. d4 Nf6 2. c4 g6 3. Nc3 Bg7 4. e4 d6 5. Nf3 O-O 6. Be2 e5 7. Be3 Na6 8. O-O
Ng4 9. Bg5 Qe8 10. dxe5 dxe5 11. h3 f6 12. Bd2 Nh6 13. Qc1 Nf7 14. c5 Nxc5 15.
Nd5 Ne6 16. Nxc7 Nxc7 17. Qxc7 Nd8 18. Bc4+ Be6 19. Bxe6+ Qxe6 20. Rfc1 Rf7 21.
Qc4 Bf8 22. Be3 Qxc4 23. Rxc4 Rd7 24. Rcc1 Nc6 25. Rd1 Rad8 26. Rxd7 Rxd7 27.
Rc1 Kf7 28. Kf1 Ke6 29. Ke2 Be7 30. Rd1 Rc7 31. Rc1 Rd7 32. Rd1 Rc7 33. Rc1
1/2-1/2

[Event "Olomouc 2009 - IM A"]
[Site "?"]
[Date "2009.08.13"]
[Round "9.1"]
[White "Bracker, Frank"]
[Black "Bejtovic, Jasmin"]
[Result "0-1"]
[WhiteElo "2280"]
[BlackElo "2307"]
[PlyCount "76"]
[EventDate "2009.08.05"]

1. e4 c5 2. Nf3 Nc6 3. d4 cxd4 4. Nxd4 g6 5. Nc3 Bg7 6. Be3 Nf6 7. Bc4 Qa5 8.
O-O O-O 9. Nb3 Qc7 10. Bg5 a6 11. Be2 e6 12. Qd2 b5 13. a3 Rb8 14. Rfd1 b4 15.
axb4 Nxb4 16. Bf4 e5 17. Bg5 Bb7 18. Na5 Nxe4 19. Nxe4 Bxe4 20. Be7 Nxc2 21.
Bd6 Qa7 22. Ra4 Nd4 23. Re1 Rbc8 24. Bxf8 Bxf8 25. Bd3 Bh6 26. Qxh6 Bxd3 27.
Qe3 Ne2+ 28. Kh1 Qxe3 29. fxe3 Rc2 30. Rb4 d5 31. Rb6 Be4 32. Rb4 Nc1 33. Rg1
Nd3 34. Rb8+ Kg7 35. h3 Ne1 36. Rxe1 Rxg2 37. Rb4 Re2+ 38. Kg1 Rxe1+ 0-1

[Event "Olomouc 2009 - IM A"]
[Site "?"]
[Date "2009.08.13"]
[Round "9.2"]
[White "Tuma, Jiri"]
[Black "Masse, Hugues"]
[Result "1/2-1/2"]
[WhiteElo "2288"]
[BlackElo "2220"]
[PlyCount "44"]
[EventDate "2009.08.05"]

1. e4 e6 2. d4 d5 3. e5 c5 4. c3 Nc6 5. Nf3 Bd7 6. a3 f6 7. Bd3 fxe5 8. Nxe5
Nxe5 9. dxe5 g6 10. O-O Qc7 11. c4 Bg7 12. cxd5 Bxe5 13. dxe6 Bxe6 14. Bb5+ Kf7
15. h3 a6 16. Ba4 b5 17. Bb3 c4 18. Bc2 Nf6 19. Nc3 Kg7 20. Bg5 Rhf8 21. Qd2
Kg8 22. Rad1 Rad8 1/2-1/2

[Event "Olomouc 2009 - IM A"]
[Site "?"]
[Date "2009.08.13"]
[Round "9.3"]
[White "Oparin, Grigoriy"]
[Black "Chlost, Marlena"]
[Result "1/2-1/2"]
[WhiteElo "2350"]
[BlackElo "2148"]
[PlyCount "74"]
[EventDate "2009.08.05"]

1. e4 e5 2. Bc4 Nc6 3. Nf3 Bc5 4. c3 Nf6 5. d3 a6 6. O-O Ba7 7. Nbd2 O-O 8. h3
d6 9. Bb3 h6 10. Re1 Nh5 11. Nf1 Qf6 12. Be3 Nf4 13. Bxa7 Rxa7 14. d4 Ra8 15.
Kh2 Ne7 16. Ne3 g5 17. Ng1 exd4 18. Qxd4 Qxd4 19. cxd4 b5 20. Rad1 c5 21. dxc5
dxc5 22. Bd5 Ra7 23. Nf3 Kg7 24. Rd2 Rd8 25. Red1 Rc7 26. h4 f6 27. g3 Nfxd5
28. exd5 Rd6 29. hxg5 hxg5 30. Rd3 Nf5 31. Nd2 Re7 32. Ndf1 Kg6 33. Kg2 Nxe3+
34. Nxe3 Bf5 35. Nxf5 Kxf5 36. Rf3+ Kg6 37. Rc3 c4 1/2-1/2

[Event "Olomouc 2009 - IM A"]
[Site "?"]
[Date "2009.08.13"]
[Round "9.4"]
[White "Lahiri, Atanu"]
[Black "Vrana, Jan"]
[Result "1/2-1/2"]
[WhiteElo "2361"]
[BlackElo "2236"]
[PlyCount "98"]
[EventDate "2009.08.05"]

1. d4 d5 2. c4 dxc4 3. e4 e5 4. Nf3 exd4 5. Bxc4 Nc6 6. O-O Be6 7. Bb5 Bc5 8.
b4 Bb6 9. a4 a5 10. bxa5 Rxa5 11. Nbd2 Ra8 12. Ba3 Nge7 13. Ng5 O-O 14. Qh5 h6
15. Nxe6 fxe6 16. Nc4 Ba7 17. Bxc6 Nxc6 18. Bxf8 Qxf8 19. Qb5 Nd8 20. a5 Bc5
21. Qd7 Qf7 22. Qxf7+ Kxf7 23. Rfc1 Ke7 24. Kf1 Bb4 25. Ne5 Bc3 26. Ra4 Rxa5
27. Rxa5 Bxa5 28. Ra1 Bc3 29. Ra8 b5 30. f4 g5 31. g3 gxf4 32. gxf4 Bd2 33. Ke2
Be3 34. Rc8 Bxf4 35. Ng6+ Kd7 36. Rxd8+ Kxd8 37. Nxf4 Kd7 38. e5 c5 39. Kd3 Kc6
40. h4 Kd7 41. Nh5 Kc7 42. Nf6 Kc6 43. h5 b4 44. Kc4 b3 45. Kxb3 d3 46. Kc3 c4
47. Kd2 Kc5 48. Ke3 Kc6 49. Kd2 Kc5 1/2-1/2

[Event "Olomouc 2009 - IM A"]
[Site "?"]
[Date "2009.08.13"]
[Round "9.5"]
[White "Johansson, Jan"]
[Black "Chetverik, Maxim"]
[Result "1-0"]
[WhiteElo "2437"]
[BlackElo "2354"]
[PlyCount "41"]
[EventDate "2009.08.05"]

1. d4 b5 2. e4 a6 3. Bg5 Bb7 4. Nd2 h6 5. Bh4 c5 6. dxc5 Qc8 7. b4 g5 8. Bg3
Bg7 9. Rb1 a5 10. a3 axb4 11. axb4 Bc6 12. Bd3 Qb7 13. Ngf3 Nf6 14. Qe2 Nh5 15.
O-O Ra4 16. c4 Nxg3 17. fxg3 bxc4 18. Bxc4 Qa8 19. b5 Bb7 20. Bb3 Bxe4 21. Rfe1
1-0